00674nam a2200205Ia 450000500170000000800410001702000220005804000360008004100080011606000110012424501090013526000580024430000380030265000100034065000170035065000140036765000150038170000400039670000320043620180313061225.0130821s2011 ag a gr spa  a978 950 06 0292 1 aCo-BoUCMbspac[Nuevo]d[Nuevo]00aspa aWE 54400aFibromialgia diagnóstico y estrategias para su rehabilitacióncCarlos Luis Ayán Pérez...[et al] aBuenos Aires (Argentina)bMédica Panamericanac2011 avii, 168 páginasbilustraciones aDolor aFibromialgia aOrtopedia aReumatismo1 aÁlvarez Álvarez, María José1 aAyán Pérez, Carlos Luis